000 01318nam a2200373 i 4500
001 8675
003 KOSZ 005
005 20220117095948.0
008 070924s1968 pl a f 001 0 pol
015 _aPB 1968/5546
040 _aWA N
_cWA N
_dKOSZ 005/RW
_dKOSZ 005/HR
046 _k1968
080 _a005
080 _a004
100 1 _aGościński, Janusz
_eAutor
245 1 0 _aElementy cybernetyki w zarządzaniu /
_cJanusz W. Gościński ; Polskie Towarzystwo Cybernetyczne.
260 _aWarszawa :
_bPaństwowe Wydawnictwo Naukowe,
_c1968.
300 _a232 strony, [2] karty, tablice :
_bilustracje, errata ;
_c23 cm.
336 _2rdacontent
_aTekst
_btxt
337 _2rdamedia
_aBez urządzenia pośredniczącego
_bn
338 _2rdacarrier
_aWolumin
_bnc
380 _aKsiążki.
388 _a1901-2000
490 1 _aInformacja i Sterowanie.
504 _aBibliogr. s. [227]-229. Indeks.
658 _aZarządzanie, ekonomia, finanse
658 _aInformatyka i technologie informacyjne
650 4 _aZarządzanie
650 4 _aCybernetyka
710 2 _aPaństwowe Wydawnictwo Naukowe
_4pbl.
856 _uhttp://koha.tu.koszalin.pl/cgi-bin/koha/opac-detail.pl?biblionumber=8675
_yKatalog online BPK
830 0 _aInformacja i Sterowanie
942 _2UKD
_cKS
999 _c8675
_d8675